[Event "GER-chT Lands U20"]
[Site "Dresden"]
[Date "2008.11.16"]
[Round "5.7"]
[White "Schmitt, Carsten"]
[Black "Zuyev, Lisa"]
[Result "1-0"]
[WhiteElo "1383"]
[BlackElo "1527"]
[PlyCount "67"]
[EventDate "2008.11.14"]
[EventType "team-swiss"]
[EventRounds "7"]
[EventCountry "GER"]
[SourceTitle "EXT 2010"]
[Source "ChessBase"]
[SourceDate "2010.11.25"]
[SourceVersion "1"]
[SourceVersionDate "2010.11.25"]
[SourceQuality "1"]
[WhiteTeam "Saarland"]
[BlackTeam "Hessen II"]
[WhiteTeamCountry "GER"]
[BlackTeamCountry "GER"]

1. d4 Nf6 2. Nf3 e6 3. Bg5 Be7 4. e3 0-0 5. Bd3 h6 6. Bh4 Nc6 7. c4 d5 8. Nc3 b6 9. a3 a5 10. cxd5 Nxd5 11. Nxd5 Qxd5 12. Bxe7 Nxe7 13. Qc2 Qd6 14. Rc1 Nd5 15. Be4 Ra7 16. Ne5 c5 17. Nd3 Rc7 18. dxc5 bxc5 19. 0-0 Ba6 20. Rfd1 Rd8 21. Nf4 Qe5 22. Rd2 c4 23. Rd4 Bb7 24. Rcd1 Rdd7 25. Bf3 Nxe3 26. fxe3 Bxf3 27. Rxd7 Rxd7 28. Rxd7 Qxe3+ 29. Kf1 Be4 30. Qd2 Qb3 31. Qc3 Qb8 32. Nxe6 Bd3+ 33. Ke1 f6 34. Rd8+ 1-0

[Event "Hessen-ch Gr-E 62nd"]
[Site "Hanau"]
[Date "2008.03.21"]
[Round "2"]
[White "Zuyev, Lisa"]
[Black "Faber, Stephan"]
[Result "1-0"]
[WhiteElo "1349"]
[BlackElo "1432"]
[PlyCount "59"]
[EventDate "2008.03.21"]
[EventType "swiss"]
[EventRounds "5"]
[EventCountry "GER"]
[SourceTitle "CBM 123 Extra"]
[Source "ChessBase"]
[SourceDate "2008.05.06"]
[SourceVersion "1"]
[SourceVersionDate "2008.05.06"]
[SourceQuality "1"]

1. e4 e5 2. Nf3 Nc6 3. d4 exd4 4. Bc4 Be7 5. c3 dxc3 6. Qd5 Nh6 7. Bxh6 0-0 8. Bxg7 Kxg7 9. Nxc3 d6 10. Qd2 f5 11. 0-0 Bf6 12. Bd5 Ne5 13. Nd4 fxe4 14. Nxe4 Ng6 15. Bxb7 Bd7 16. Bxa8 Qxa8 17. Nxf6 Rxf6 18. Rac1 c5 19. Ne2 Nh4 20. f3 Bb5 21. Qg5+ Rg6 22. Qxh4 Bxe2 23. Qe7+ Kh6 24. Qxe2 Qg8 25. Qd2+ Kg7 26. Rfe1 Kf7 27. Qf4+ Rf6 28. Qc4+ Kg7 29. Re7+ Kf8 30. Re8+ 1-0

[Event "GER-chT U14 Girls"]
[Site "Burg Stargard"]
[Date "2006.12.30"]
[Round "7.3"]
[White "Zuyev, Lisa"]
[Black "Spangenberg, Romy"]
[Result "1/2-1/2"]
[WhiteElo "1336"]
[BlackElo "1384"]
[PlyCount "57"]
[EventDate "2006.12.27"]
[EventType "team-swiss"]
[EventRounds "7"]
[EventCountry "GER"]
[SourceTitle "EXT 2008"]
[Source "ChessBase"]
[SourceDate "2007.11.25"]
[SourceVersion "1"]
[SourceVersionDate "2007.11.25"]
[SourceQuality "1"]
[WhiteTeam "Rossdorf SC Ladja U14 Girls"]
[BlackTeam "Leipzig Lindenau U14 Girls"]
[WhiteTeamCountry "GER"]
[BlackTeamCountry "GER"]

1. e4 c5 2. Nf3 e6 3. Nc3 d5 4. Bb5+ Nc6 5. Ne5 Nge7 6. Qh5 g6 7. Qf3 f5 8. Qg3 Bg7 9. d3 0-0 10. Bxc6 Nxc6 11. Nxc6 bxc6 12. Bg5 Qa5 13. Bd2 Qb6 14. Rb1 Bb7 15. 0-0 e5 16. Na4 Qb5 17. b3 Rab8 18. c4 f4 19. cxb5 fxg3 20. fxg3 Rxf1+ 21. Rxf1 cxb5 22. Nxc5 dxe4 23. Nxb7 Rxb7 24. dxe4 Rc7 25. Rc1 Rxc1+ 26. Bxc1 Kf7 27. Kf2 Ke6 28. Ke2 Kd6 29. Ba3+ 1/2-1/2

[Event "GER-chT U14 Girls"]
[Site "Burg Stargard"]
[Date "2006.12.29"]
[Round "5.3"]
[White "Zuyev, Lisa"]
[Black "Schmidt, Anna"]
[Result "1-0"]
[WhiteElo "1336"]
[BlackElo "958"]
[PlyCount "45"]
[EventDate "2006.12.27"]
[EventType "team-swiss"]
[EventRounds "7"]
[EventCountry "GER"]
[SourceTitle "EXT 2008"]
[Source "ChessBase"]
[SourceDate "2007.11.25"]
[SourceVersion "1"]
[SourceVersionDate "2007.11.25"]
[SourceQuality "1"]
[WhiteTeam "Rossdorf SC Ladja U14 Girls"]
[BlackTeam "Waltershausen U14 Girls"]
[WhiteTeamCountry "GER"]
[BlackTeamCountry "GER"]

1. e4 c5 2. Nf3 Nc6 3. d4 cxd4 4. Nxd4 g6 5. Be3 Bg7 6. Nc3 Nf6 7. Bc4 e5 8. Nf3 0-0 9. Qd2 a6 10. Bb3 Re8 11. Ng5 Rf8 12. Bc5 Ne7 13. Nf3 Re8 14. Nxe5 Rf8 15. Nc4 b5 16. Bb6 Qe8 17. Nd6 Rb8 18. Nxe8 Rxe8 19. Qe3 Ng4 20. Qf4 Rxb6 21. Qxf7+ Kh8 22. Qxe8+ Ng8 23. Qxg8# 1-0

[Event "Frankfurt-ch"]
[Site "Frankfurt"]
[Date "2006.05.15"]
[Round "4"]
[White "Zuyev, Lisa"]
[Black "Richter, Edgar"]
[Result "1-0"]
[WhiteElo "1060"]
[BlackElo "1300"]
[PlyCount "158"]
[EventDate "2006.04.24"]
[EventType "swiss"]
[EventRounds "7"]
[EventCountry "GER"]
[SourceTitle "EXT 2007"]
[Source "ChessBase"]
[SourceDate "2006.11.23"]
[SourceVersion "1"]
[SourceVersionDate "2006.11.23"]
[SourceQuality "1"]

1. e4 d6 2. d4 Nf6 3. Nc3 Nbd7 4. Nf3 e5 5. Bc4 Be7 6. 0-0 0-0 7. Be3 exd4 8. Nxd4 Nc5 9. f3 a6 10. a4 Bd7 11. b4 Ne6 12. Nf5 h6 13. f4 Re8 14. Qf3 c6 15. Rad1 Qc7 16. Qg3 Nh5 17. Nxh6+ Kf8 18. Qf3 Nf6 19. Nf5 b5 20. Bb3 bxa4 21. Nxa4 c5 22. bxc5 Nxc5 23. Nxc5 Bxf5 24. Nxa6 Rxa6 25. exf5 Ra5 26. g4 Rd8 27. Bd4 d5 28. g5 Ng8 29. Bc3 Ra6 30. Bxd5 Qc5+ 31. Kh1 Rad6 32. Bxg7+ Kxg7 33. f6+ Nxf6 34. gxf6+ Bxf6 35. Qg4+ Kf8 36. Bb3 Qb5 37. Qf3 Qd7 38. Rxd6 Qxd6 39. Qb7 Rd7 40. Qa8+ Rd8 41. Qg2 Bd4 42. Qe4 Re8 43. Qd5 Qf6 44. Qg5 Qd6 45. Qd5 Qf6 46. Qg5 Qxg5 47. fxg5 Re7 48. h4 Kg7 49. Rd1 Bf2 50. h5 Bh4 51. Rg1 Re5 52. g6 Rxh5 53. gxf7+ Bg5+ 54. Kg2 Be3 55. Rd1 Rg5+ 56. Kf3 Bc5 57. Kf4 Rg6 58. Kf5 Rf6+ 59. Ke5 Bd6+ 60. Kd4 Bf8 61. Rg1+ Kh6 62. Rg8 Rd6+ 63. Ke5 Rd8 64. Kf6 Rd6+ 65. Ke5 Rd8 66. Ke6 Rb8 67. Bd5 Rd8 68. c4 Rc8 69. Bb7 Rb8 70. Be4 Rd8 71. Rg6+ Kh5 72. Rg8 Kh6 73. c5 Rc8 74. c6 Rb8 75. Kd7 Ra8 76. c7 Ra4 77. c8Q Rd4+ 78. Ke8 Rxe4+ 79. Kxf8 Rh4 1-0

[Event "Frankfurt-ch"]
[Site "Frankfurt"]
[Date "2006.05.02"]
[Round "2"]
[White "Zuyev, Lisa"]
[Black "Makilla, Tobias"]
[Result "0-1"]
[WhiteElo "1060"]
[BlackElo "1682"]
[PlyCount "126"]
[EventDate "2006.04.24"]
[EventType "swiss"]
[EventRounds "7"]
[EventCountry "GER"]
[SourceTitle "EXT 2007"]
[Source "ChessBase"]
[SourceDate "2006.11.23"]
[SourceVersion "1"]
[SourceVersionDate "2006.11.23"]
[SourceQuality "1"]

1. e4 e5 2. Nf3 Nc6 3. d4 exd4 4. Nxd4 Bc5 5. Be3 Qf6 6. c3 Nge7 7. Bc4 Qg6 8. 0-0 Qxe4 9. Bxf7+ Kxf7 10. Qh5+ Qg6 11. Qxc5 d6 12. Qc4+ d5 13. Qe2 Rf8 14. Nd2 Kg8 15. f4 a6 16. Rf2 Nf5 17. Nxf5 Bxf5 18. Nf3 Rae8 19. Qd2 Qd6 20. Nd4 Re4 21. Nxc6 bxc6 22. Bd4 Bg4 23. Raf1 Rfe8 24. f5 Qh6 25. Qxh6 gxh6 26. Rf4 Bh5 27. Rxe4 Rxe4 28. g3 Bg4 29. Kg2 Re2+ 30. Rf2 Rxf2+ 31. Kxf2 Bxf5 32. Be5 c5 33. Bxc7 d4 34. cxd4 cxd4 35. Bb6 d3 36. Be3 h5 37. b4 Kf7 38. Ke1 Ke6 39. Kd2 Kd5 40. a4 Kc4 41. Bc5 Bd7 42. Be7 Bxa4 43. Bf8 Bb5 44. Be7 Kd4 45. Bg5 Ke4 46. Ke1 Kf3 47. Bf4 Kg4 48. Kf2 h4 49. Bh6 h3 50. Ke3 Kf5 51. Kf3 Ke5 52. Ke3 Kd5 53. Kd2 Ke4 54. Bf8 h5 55. Bh6 Kf3 56. Bf4 Kg2 57. Ke1 Be8 58. Bg5 Kf3 59. Kf1 Bb5 60. Ke1 Bc4 61. Kd2 Kg4 62. Bf4 h4 63. gxh4 Kxf4 0-1

[Event "GER-ch U12"]
[Site "Willingen"]
[Date "2004.06.04"]
[Round "11"]
[White "Zuyev, Lisa"]
[Black "Saak, Saskia"]
[Result "1/2-1/2"]
[WhiteElo "1028"]
[BlackElo "1084"]
[PlyCount "77"]
[EventDate "2004.06.??"]
[EventType "swiss"]
[EventRounds "11"]
[EventCountry "GER"]
[SourceTitle "EXT 2005"]
[Source "ChessBase"]
[SourceDate "2004.11.15"]
[SourceVersion "1"]
[SourceVersionDate "2004.11.15"]
[SourceQuality "1"]

1. e4 e6 2. Nc3 d5 3. Nf3 Nf6 4. e5 Nfd7 5. d4 c5 6. Be3 Nc6 7. Be2 Qb6 8. Rb1 cxd4 9. Bxd4 Bc5 10. Nb5 Nxd4 11. Nbxd4 Bxd4 12. Nxd4 Nxe5 13. Bb5+ Bd7 14. Be2 0-0 15. 0-0 Ng6 16. c3 e5 17. Nf3 Nf4 18. Nxe5 Qe6 19. Bg4 Qxe5 20. Bxd7 Qg5 21. Bg4 Ne6 22. Qe2 Rfe8 23. Qf3 Nf4 24. Qd1 Re2 25. Bf3 Rd8 26. Re1 Rxe1+ 27. Qxe1 g6 28. Rd1 Qf6 29. Qe3 Qg5 30. Qxa7 b5 31. Qc5 Ra8 32. Bxd5 Nxd5 33. Qxd5 Qxd5 34. Rxd5 Rxa2 35. h3 Rxb2 36. Rd8+ Kg7 37. Rc8 Rc2 38. Rb8 Rxc3 39. Rxb5 1/2-1/2